<?xml version="1.0" encoding="UTF-8"?>
<record
    xmlns:xsi="http://www.w3.org/2001/XMLSchema-instance"
    xsi:schemaLocation="http://www.loc.gov/MARC21/slim http://www.loc.gov/standards/marcxml/schema/MARC21slim.xsd"
    xmlns="http://www.loc.gov/MARC21/slim">

  <leader>01177nam a2200169   4500</leader>
  <controlfield tag="001">14074</controlfield>
  <controlfield tag="005">20260417121626.0</controlfield>
  <datafield tag="010" ind1=" " ind2=" ">
    <subfield code="a">9782807104488</subfield>
  </datafield>
  <datafield tag="090" ind1=" " ind2=" ">
    <subfield code="a">14074</subfield>
  </datafield>
  <datafield tag="099" ind1=" " ind2=" ">
    <subfield code="o">0</subfield>
  </datafield>
  <datafield tag="100" ind1=" " ind2=" ">
    <subfield code="a">20260417d        u||y0frey50      ba</subfield>
  </datafield>
  <datafield tag="200" ind1=" " ind2=" ">
    <subfield code="a">A l'ombre des mar&#xE9;es</subfield>
    <subfield code="b">LIVR</subfield>
  </datafield>
  <datafield tag="214" ind1=" " ind2=" ">
    <subfield code="c">Lansman &#xE9;diteur</subfield>
  </datafield>
  <datafield tag="323" ind1=" " ind2=" ">
    <subfield code="a">5 personnages</subfield>
  </datafield>
  <datafield tag="330" ind1=" " ind2=" ">
    <subfield code="a">Quelque part au Nord, apr&#xE8;s la Grande Vague. Dans une ville portuaire qui, voici peu encore, prosp&#xE9;rait gr&#xE2;ce au commerce de la p&#xEA;che et aux constructions navales, des enfants d&#xE9;laiss&#xE9;s, oubli&#xE9;s, caboss&#xE9;s tentent de survivre, de rester debout &#xE0; scruter la mer et l'horizon. Perch&#xE9;s sur un vieil abribus, ils gardent l'espoir qu'un bateau viendra les chercher avant que l'eau montante les emporte dans ses flots. Face aux menaces qui les oppressent - la pluie incessante, une lampe qui gr&#xE9;sille, une ombre qui rode, une &#xE9;trange animation la nuit dans un hangar cadenass&#xE9; -, ils tentent le jeu d'une solidarit&#xE9; bien difficile &#xE0; respecter dans un contexte o&#xF9; une violence aveugle rend tout plus difficile. Histoire vraie ou pr&#xE9;monitoire ? Qui sait ? </subfield>
  </datafield>
  <datafield tag="610" ind1=" " ind2=" ">
    <subfield code="a">&#xE9;cologie</subfield>
    <subfield code="a">dystopie</subfield>
    <subfield code="a">environnement</subfield>
    <subfield code="a">enfance</subfield>
  </datafield>
  <datafield tag="700" ind1=" " ind2=" ">
    <subfield code="a">Ginevro</subfield>
    <subfield code="b">Daniela</subfield>
  </datafield>
  <datafield tag="995" ind1=" " ind2=" ">
    <subfield code="2">0</subfield>
    <subfield code="5">2026-04-17</subfield>
    <subfield code="9">13965</subfield>
    <subfield code="c">JOL</subfield>
    <subfield code="f">JOL-007774</subfield>
    <subfield code="k">TH GIN 5</subfield>
    <subfield code="o">0</subfield>
    <subfield code="b">JOL</subfield>
    <subfield code="r">LIVR</subfield>
  </datafield>
</record>
